000 00392cas a22001695a 4500
001 L148312
008 090902c2009 xxkfr p 0 a0eng u
035 _a(Sirsi) u148312
041 0 _aeng
110 2 _aUrban Land Institute
_93094
245 0 0 _aEurope newsletter
260 _bULI
_c2009-
362 0 _a1(1) Jan 2009-
554 _a2 issues per year
651 4 _aEurope
942 _n0
999 _c119240
_d119240